00275nam a2200109Ia 4500008004100000041001200041082001100053100002000064245006800084260000600152650000700158221030s9999 xx 000 0 und d aEnglish a105.23 aL. J. Krazewski 0aOperations Management - Strategy & Analysiscby L. J. Krazewski c0 aMb